000 01302nam a2200349 a 4500
001 000113738
003 CHAP
005 20220329144410.0
008 170913s2017 mx a fsm |||||||spa d
010 _a110199
011 _a111171
040 _cCHAP
090 _aTesis
100 1 _aLarios Guzmán, Alejandra
_9133376
245 1 0 _aAnálisis comparativo de diferentes tarjetas de crédito en México /
_h[En línea]
_cpor Alejandra Larios Guzmán.
260 _aChapingo, Méx. :
_bEl autor,
_c2017.
500 _aPara ver el contenido del material haga clic en la liga
502 _aTesis (Lic. en Economía ) -- UACH. División de Ciencias Económico Administrativas
590 _aBATCH-UPD
_b05
_c20170913
_lUCH01
_h1415
590 _aBATCH-UPD
_b05
_c20170914
_lUCH01
_h0949
590 _aE8697GMM
_b05
_c20170913
_lUCH01
_h1136
590 _aE8697GMM
_b05
_c20170913
_lUCH01
_h1414
590 _aE8697GMM
_b05
_c20170914
_lUCH01
_h0948
650 1 4 _aAhorro e inversión
_zMéxico.
_9133374
650 1 4 _aBancos y operaciones bancarias
_zMéxico.
_99926
650 1 4 _aEconomía financiera.
_9127770
650 1 4 _aTarjetas de crédito bancarias
_zMéxico.
_9133375
856 _aFinding aid
_uhttp://10.13.5.2/tesis/sist113738.pdf
_zTeclea aquí
901 _aBK
942 _cTESIS
942 _n0
999 _c110199
_d110199